000
00228nam a22001097a 4500
082
_a
799.213 RIF"C
100
_a
COLLIER
_9
75589
245
_a
RIFLE SHOOTING
260
_a
NEWYORK
_b
COLLIER
_c
1962
300
_a
128P
942
_c
BK
999
_c
584881
_d
584881